Kapitalizmus alebo postkapitalistická spoločnosť

Peter F. Drucker (jeden zo zakladateľov manažmentu ako vedy a sociálnej ekológie) v knihe Postkapitalistická spoločnosť (Praha, Management Press 1993) analyzuje prebiehajúcu transformáciu a opisuje novovznikajúcu spoločnosť znalostí. Náčrt novej teórie ekonómie znalostí, produktivita znalostí a konk...

Celý popis

Uložené v:
Podrobná bibliografia
Hlavný autor: Drucker, Peter F.
Ďalší autori: Klinec, I.
Médium: Kapitola
Jazyk:Slovak
Predmet:
Tagy: Pridať tag
Žiadne tagy, Buďte prvý, kto otaguje tento záznam!

MARC

LEADER 00000naa a2200000 4500
001 r015779
005 20221214064758.1
041 0 |a slo 
044 |a SK 
245 1 0 |a Kapitalizmus alebo postkapitalistická spoločnosť  |c P.F. Drucker, I. Klinec 
520 |a Peter F. Drucker (jeden zo zakladateľov manažmentu ako vedy a sociálnej ekológie) v knihe Postkapitalistická spoločnosť (Praha, Management Press 1993) analyzuje prebiehajúcu transformáciu a opisuje novovznikajúcu spoločnosť znalostí. Náčrt novej teórie ekonómie znalostí, produktivita znalostí a konkurencieschopnosť ekonomiky. Potreba novej školy, nového systému vzdelávania, jeho charakteristika. 
610 2 0 |a transformácia 
610 2 0 |a kapitalizmus 
610 2 0 |a manažment 
610 2 0 |a štúdie sociologické 
610 2 0 |a spoločnosť postkapitalistická 
610 2 0 |a informácie 
610 2 0 |a organizácie 
610 2 0 |a hospodárstvo trhové 
610 2 0 |a teórie ekonomické 
610 2 0 |a vzdelávanie 
100 1 |a Drucker, Peter F. 
700 1 |a Klinec, I.